Herbie Hancock Discography - Statistics

General Stats
  • This quiz has been taken 39 times
  • The average score is 33 of 116
Answer Stats
Type Year Name % Correct
Double Package 2008 Future Shock / Head Hunters
100%
Album 1973 Head Hunters
100%
Box Set 2001 Head Hunters / Future Shock / Man-Child
100%
Double Package 2002 Head Hunters / Thrust
100%
Box Set 2003 Thrust / Mr. Hands / Secrets
87%
Album 1965 Maiden Voyage
80%
Album 1974 Thrust
80%
Double Package 1989 Feets Don't Fail Me Now / Future Shock
73%
Album 1983 Future Shock
73%
Album 1975 Man-Child
67%
Album 1980 Mr. Hands
67%
Album 1964 Empyrean Isles
60%
Album 1962 Takin' Off
60%
Box Set 1995 Takin' Off / Inventions and Dimensions / Empyrean Isles
60%
Soundtrack 1966 Blow-Up
53%
Album 1970 Mwandishi
53%
Compilation 1994 Mwandishi: The Complete Warner Bros. Recordings
53%
Album 1976 Secrets
53%
Live Album 1977 V.S.O.P.
53%
Album 1972 Crossings
47%
Album 1969 Fat Albert Rotunda
47%
Album 1978 Feets, Don't Fail Me Now
47%
Live Album 1975 Flood
47%
Compilation 1975 | 1993 | 2005 Herbie Hancock
47%
Album 1963 My Point of View
47%
Tribute Album 2006 River: The Joni Letters
47%
Album 1972 Sextant
47%
Compilation 1988 The Best of Herbie Hancock: The Blue Note Years
47%
Album 1979 Monster
40%
Compilation 2008 Playlist: The Very Best of Herbie Hancock
40%
Album 1968 Speak Like a Child
40%
Album 1977 Sunlight
40%
Compilation 1971 | 2000 The Best of Herbie Hancock
40%
Box Set 2009 The Best of Herbie Hancock Box Set
40%
Compilation 2000 The Best of Herbie Hancock: The Hits
40%
Compilation 1992 The Best of Herbie Hancock, Vol. 2
40%
Collaborative Album 1977 The Herbie Hancock Trio
40%
Album 1969 The Prisoner
40%
Compilation 1991 | 2006 The Very Best of Herbie Hancock
40%
Collaborative Album 1997 1 + 1
33%
Collaborative Tribute Album 1992 A Tribute to Miles
33%
Compilation 1995 Cantaloupe Island
33%
Album 1974 Dedication
33%
Album 1998 Gershwin's World
33%
Collaborative Album 1981 Herbie Hancock Trio
33%
Album 1963 Inventions and Dimensions
33%
Compilation 2004 Jazz Moodes: 'Round Midnight
33%
Album 1988 Perfect Machine
33%
Soundtrack 1986 Round Midnight
33%
Album 1984 Sound-System
33%
Duets Album 2010 The Imagine Project
33%
Album 1996 The New Standard
33%
Album 1978 The Piano
33%
Soundtrack 1974 Death Wish
27%
Album 2001 Future 2 Future
27%
Album 1982 Lite Me Up
27%
Album 1981 Magic Windows
27%
Compilation 2006 The Essential Herbie Hancock
27%
Collaborative Album 1984 Village Life
27%
Collaborative Live Album 1979 CoreaHancock
20%
Album 1993 Dis Is da Drum
20%
Live Album 2005 Live: Detroit / Chicago
20%
Collaborative Album 1977 Third Plane
20%
Live Album 1977 V.S.O.P.-The Quintet
20%
Collaborative Live Album 2002 Directions in Music: Live at Massey Hall
13%
Album 1978 Directstep
13%
Collaborative Live Album 1987 Jazz Africa
13%
Duets Album 2005 Possibilities
13%
Compilation 1999 Riot
13%
Compilation 2004 Rockit
13%
Soundtrack 1973 The Spook Who Sat by the Door
13%
Compilation 1974 Treasure Chest
13%
Collaborative Live Album 1978 An Evening with Herbie Hancock & Chick Corea: In Concert
7%
Compilation 2004 Blue Note Years, Vol. 20
7%
Compilation 2000 Les Incontournables
7%
Collaborative Live Album 1993 Parallel Realities Live...
7%
Collaborative Album 1981 Quartet
7%
Compilation 1998 The Complete Blue Note Sixties Sessions
7%
Compilation 2002 The Herbie Hancock Box
7%
Compilation 2008 Then and Now: The Definitive Herbie Hancock
7%
Compilation 1991 A Jazz Collection
0%
Live Album 1980 A Night with Herbie Hancock
0%
Collaborative Compilation 1999 Backtracks
0%
Box Set 2010 Complete Columbia Collection Box Set
0%
Compilation 1999 Dancin' Grooves
0%
Compilation 1981 Double Rainbow
0%
Compilation 2007 Finest in Jazz
0%
Compilation 2006 Great Sessions
0%
Compilation 1980 Hancock Alley
0%
Compilation 1976 Happy the Man
0%
Collaborative Live Album 1994 Herbie Hancock Trio Live in New York
0%
Compilation 1984 Hot and Heavy
0%
Compilation 1994 Jamming
0%
Compilation 2000 Jammin' with Herbie Hancock
0%
Compilation 1996 Jazz & Blues Collection, Vol. 63
0%
Compilation 1995 Jazz Portrait
0%
Compilation 1997 Jazz Profile
0%
Compilation 2008 Les Incontournables du Jazz: Herbie Hancock
0%
Box Set 2011 Milken Archive Digital
0%
Compilation 1998 Mr. Funk
0%
Collaborative Compilation 2006 Piano Fiesta
0%
Collaborative Live Album 1994 Quartet Live
0%
Compilation 1998 Rare Tracks
0%
Double Package 2000 Sextant / Secrets
0%
Collaborative Compilation 2008 Soul and Funk
0%
Compilation 2005 Soul Power
0%
Compilation 2007 Techno Voodu - Astral Black Simulations
0%
Compilation 1991 | 1992 The Collection
0%
Compilation 1993 The Egg
0%
Compilation 2007 The Herbie Hancock Trio in Concert
0%
Compilation 1998 This Is Jazz, Vol. 35
0%
No matching quizzes found
Score Distribution
Percent of People with Each Score
Percentile by Number Answered
Your Score History
You have not taken this quiz